<?xml version="1.0" encoding="UTF-8"?><?xml-stylesheet type="text/xsl" href="static/style.xsl"?><OAI-PMH xmlns="http://www.openarchives.org/OAI/2.0/" xmlns:xsi="http://www.w3.org/2001/XMLSchema-instance" xsi:schemaLocation="http://www.openarchives.org/OAI/2.0/ http://www.openarchives.org/OAI/2.0/OAI-PMH.xsd"><responseDate>2026-06-06T02:27:07Z</responseDate><request verb="GetRecord" identifier="oai:riuma.uma.es:10630/27499" metadataPrefix="marc">https://riuma.uma.es/rest/oai/request</request><GetRecord><record><header><identifier>oai:riuma.uma.es:10630/27499</identifier><datestamp>2026-02-03T11:32:33Z</datestamp><setSpec>com_10630_2254</setSpec><setSpec>col_10630_37953</setSpec></header><metadata><record xmlns="http://www.loc.gov/MARC21/slim" xmlns:dcterms="http://purl.org/dc/terms/" xmlns:doc="http://www.lyncode.com/xoai" xmlns:xsi="http://www.w3.org/2001/XMLSchema-instance" xsi:schemaLocation="http://www.loc.gov/MARC21/slim http://www.loc.gov/standards/marcxml/schema/MARC21slim.xsd">
   <leader>00925njm 22002777a 4500</leader>
   <datafield ind2=" " ind1=" " tag="042">
      <subfield code="a">dc</subfield>
   </datafield>
   <datafield ind2=" " ind1=" " tag="720">
      <subfield code="a">Vázquez-Sánchez, María Ángeles</subfield>
      <subfield code="e">author</subfield>
   </datafield>
   <datafield ind2=" " ind1=" " tag="720">
      <subfield code="a">Casals-Vázquez, Alicia</subfield>
      <subfield code="e">author</subfield>
   </datafield>
   <datafield ind2=" " ind1=" " tag="720">
      <subfield code="a">López-Leiva, María Inmaculada</subfield>
      <subfield code="e">author</subfield>
   </datafield>
   <datafield ind2=" " ind1=" " tag="720">
      <subfield code="a">Sánchez-Ojeda, María Angustías</subfield>
      <subfield code="e">author</subfield>
   </datafield>
   <datafield ind2=" " ind1=" " tag="720">
      <subfield code="a">Del-Río-Urenda, Susana</subfield>
      <subfield code="e">author</subfield>
   </datafield>
   <datafield ind2=" " ind1=" " tag="720">
      <subfield code="a">Navarro-Prado, Silvia</subfield>
      <subfield code="e">author</subfield>
   </datafield>
   <datafield ind2=" " ind1=" " tag="720">
      <subfield code="a">García-Gámez, Marina</subfield>
      <subfield code="e">author</subfield>
   </datafield>
   <datafield ind2=" " ind1=" " tag="720">
      <subfield code="a">Casals, Cristina</subfield>
      <subfield code="e">author</subfield>
   </datafield>
   <datafield ind2=" " ind1=" " tag="260">
      <subfield code="c">2023-10</subfield>
   </datafield>
   <datafield ind2=" " ind1=" " tag="520">
      <subfield code="a">Aim. The task proposed was to conduct a cultural adaptation of the Family Nursing Practice Scale and to assess the psychometric properties of the resulting instrument. &#xd;
Background. Nursing students must obtain sufficient personal competence and confidence to act with patients and their families. For this purpose, an assessment scale is needed to inform teachers of the student’s progress and to determine whether further training or changes in teaching methods are required. &#xd;
Design. A cross-sectional study design was used. &#xd;
Methods. The researchers conducted this study with 202 students of nursing at two Spanish universities. In the cultural adaptation, the following steps were followed: definition of concepts, translation, back translation, expert group review and implementation by a pilot group with a subsequent cognitive interview. Internal consistency was determined by Cronbach’s alpha. Reliability was verified by an initial application of the scale, followed by a repetition after seven days, analysing the results obtained in terms of the intraclass correlation coefficient, the construct validity (by Spearman’s non-parametric correlation test) and confirmatory factor analysis (using JASP 0.16.4 statistical software). &#xd;
Results. Cronbach’s alpha resulted in 0.95. Spearman's correlation coefficient Family Nursing Practice Scale total with the course year was –0.26 &lt; 0.001. The intraclass correlation coefficient for the total score of the scale was 0.91. The confirmatory factor analysis was performed on a model in which the total score for the scale was considered in relation to the two subscales, and each subscale in relation to its constituent ítems […] &#xd;
Conclusions. These results indicate that the Spanish version presents good internal consistency, construct validity and reliability. Moreover, the confirmatory factor analysis confirms that it presents a good fit to the model initially proposed for this scale for Nursing Degree students.</subfield>
   </datafield>
   <datafield ind1="8" ind2=" " tag="024">
      <subfield code="a">Vázquez-Sánchez, M. Á., Casals-Vázquez, A., López-Leiva, I., Sánchez-Ojeda, M. A., Del Río-Urenda, S., Navarro-Prado, S., García-Gámez, M., &amp; Casals, C. (2023). Cultural adaptation and validation of the Family Nursing Practice Scale (FNPS) for use with Spanish-speaking Nursing Degree students. Nurse Education in Practice, 72, 103756.</subfield>
   </datafield>
   <datafield ind1="8" ind2=" " tag="024">
      <subfield code="a">https://hdl.handle.net/10630/27499</subfield>
   </datafield>
   <datafield ind1="8" ind2=" " tag="024">
      <subfield code="a">10.1016/j.nepr.2023.103756</subfield>
   </datafield>
   <datafield tag="653" ind2=" " ind1=" ">
      <subfield code="a">Enfermería</subfield>
   </datafield>
   <datafield tag="653" ind2=" " ind1=" ">
      <subfield code="a">Enseñanza - Evaluación</subfield>
   </datafield>
   <datafield tag="653" ind2=" " ind1=" ">
      <subfield code="a">Enfermería - Estudio y enseñanza universitaria</subfield>
   </datafield>
   <datafield ind2="0" ind1="0" tag="245">
      <subfield code="a">Cultural adaptation and validation of the Family Nursing Practice Scale (FNPS) for use with Spanish-speaking Nursing Degree students</subfield>
   </datafield>
</record>
</metadata></record></GetRecord></OAI-PMH>